Drawing what the eye sees / (Record no. 19644)

MARC details
000 -LEADER
fixed length control field 01439cam a22002895a 4500
001 - CONTROL NUMBER
control field 17689273
005 - DATE AND TIME OF LATEST TRANSACTION
control field 20150615093742.0
008 - FIXED-LENGTH DATA ELEMENTS--GENERAL INFORMATION
fixed length control field 130408r20131986nyua 000 0 eng
020 ## - INTERNATIONAL STANDARD BOOK NUMBER
International Standard Book Number 9780486491066 (pbk.)
020 ## - INTERNATIONAL STANDARD BOOK NUMBER
International Standard Book Number 0486491064 ()
040 ## - CATALOGING SOURCE
Original cataloging agency DLC
Language of cataloging eng
Transcribing agency DLC
Modifying agency EG-ScBUE
050 00 - LIBRARY OF CONGRESS CALL NUMBER
Classification number NC730
Item number .J23 2013
082 04 - DEWEY DECIMAL CLASSIFICATION NUMBER
Classification number 741.2
Edition number 22
Item number JAC
100 1# - MAIN ENTRY--PERSONAL NAME
Personal name Jacobs, Ted Seth.
240 10 - UNIFORM TITLE
Uniform title <a href="Drawing with an open mind">Drawing with an open mind</a>
245 10 - TITLE STATEMENT
Title Drawing what the eye sees /
Statement of responsibility, etc Ted Seth Jacobs.
260 ## - PUBLICATION, DISTRIBUTION, ETC. (IMPRINT)
Place of publication, distribution, etc Mieola, New York :
Name of publisher, distributor, etc Dover,
Date of publication, distribution, etc 2013.
300 ## - PHYSICAL DESCRIPTION
Extent 127 pages :
Other physical details illustrations (some color) ;
Dimensions 28 cm
500 ## - GENERAL NOTE
General note "This Dover edition, first published in 2013, is an unabridged republication of the work originally published by Watson-Guptill Publications, New York, in 1986 under the title Drawing with an Open Mind: Reflections from a Drawing Teacher."
520 ## - SUMMARY, ETC.
Summary, etc " Heralded as a revolutionary right-brain approach to figure drawing, this guide focuses on mentality rather than technique. The author presents personal reflections and advice on drawing what the eye sees instead of what the mind dictates. More than 180 black-and-white drawings and eight pages of color illustrations reinforce such concepts as light, balance, and symmetry"--
650 #0 - SUBJECT ADDED ENTRY--TOPICAL TERM
Topical term or geographic name as entry element Drawing
General subdivision Technique.
Source of heading or term BUEsh
650 #7 - SUBJECT ADDED ENTRY--TOPICAL TERM
Topical term or geographic name as entry element ART / Techniques / Drawing.
Source of heading or term bisacsh
651 ## - SUBJECT ADDED ENTRY--GEOGRAPHIC NAME
Source of heading or term BUEsh
653 ## - INDEX TERM--UNCONTROLLED
Resource For college Communication and mass media
Arrived date list June2015
655 ## - INDEX TERM--GENRE/FORM
Form subdivision
-- 34232
942 ## - ADDED ENTRY ELEMENTS (KOHA)
Source of classification or shelving scheme Dewey Decimal Classification
Holdings
Withdrawn status Lost status Source of classification or shelving scheme Damaged status Not for loan Koha collection Home library Current library Shelving location Date acquired Source of acquisition Cost, normal purchase price Total Checkouts Total Renewals Full call number Barcode Date last seen Date last borrowed Koha item type
    Dewey Decimal Classification     Alahram Central Library Central Library Second Floor 15/06/2015   176.00 5 40 741.2 JAC 000038749 20/08/2025 26/10/2022 Book - Borrowing